000
00287nam a22001097a 4500
008
160426b xxu||||| |||| 00| 0 eng d
020
_a
0534524109
041
_a
eng
080
_a
612.39
245
1
0
_a
Medical nutrition therapy:
_c
Marcia Nahikian Nelms; Sara Long Anderson;
942
_2
udc
_c
BK
999
_c
1591
_d
1591